Current Issues in the Development of Ukrainian Legal Education and Science in the Present Day and Post-War Reconstruction (Запис № 580525)

МАРК-запис
000 -Лідер
fixed length control field 00886 a2200229 4500
003 - Ідентифікатор контрольного номера
control field UA-OsUOA
005 - Дата та час останнього входження (трансакції)
control field 20260424122308.0
008 - Елементи даних фіксованої довжини – загальна інформація
fixed length control field 260424b un ||||| |||| 00| 0 ukr d
020 ## - Міжнародний стандартний книжковий номер (ISBN)
Міжнародний стандартний книжковий номер (ISBN) (НП) 9789934266294
040 ## - Джерело каталогізації
Мова каталогізації ukr
Агенція, яка здійснювала перезапис UA-OsUOA
041 ## - Код мови
Код мови тексту/ звукової доріжки чи окремого заголовка (П) ukr
080 ## - Індекс Універсальної десяткової класифікації
Індекс Універсальної десяткової класифікації (УДК) (НП) 340:355(091)
090 ## - Локальний шифр розміщення
Класифікаційний індекс УДК 340:355(091)
245 ## - Відомості про назву
Назва (НП) Current Issues in the Development of Ukrainian Legal Education and Science in the Present Day and Post-War Reconstruction
Решта назви (НП) scientific monograph
Дані про відповідальність (НП) ed. Y. Boshyskyi
260 ## - Публікація, розповсюдження і т.п. (Вихідні дані)
Місце публікації, розповсюдження і т.п. (П) Riga
Ім’я/ наймення видавництва, розповсюджувача і т.п. (П) Balyija Publishing
Дата публікації, розповсюдження і т.п. (П) 2025
300 ## - Фізичний опис
Обсяг 437 p.
650 ## - Додаткове предметне введення – тематичний термін
Тематичний термін чи географічна назва, як елемент введення (НП) 340 Право загалом. Методи та допоміжні правничі науки
9 (RLIN) 1548
700 1# - Додаткове введення – ім'я особи
Ім’я особи (НП) Boshyskyi Y.
Термін відношення ed.
9 (RLIN) 25092
942 ## - Додаткові елементи входу (Коха)
Тип елемента Koha Книги
Source of classification or shelving scheme Universal Decimal Classification
955 ## - Код типу видання за змістом
Код типу видання за змістом (НП) Наукові видання
Фонди
Стан вилучень Стан втрат Джерело класифікації або схеми стелажів Стан уражень Не для кредиту Постійне місце розташування Поточне розміщення Дата придбання Джерело придбання Вартість, звичайна ціна покупки Усього замовленно Повний номер виклику Штрих-код Дата останнього перегляду Вартість, ціна заміни Ціна ефективна від Тип елемента Koha
    Universal Decimal Classification     ЧЗ - Читальна зала ЧЗ - Читальна зала 24/04/2026 №23/23.04.2026 40.00   340:355(091) 169866 24/04/2026 40.00 24/04/2026 Книги